An output approach to property portfolio performance measurement (Record no. 81574)

MARC details
000 -LEADER
fixed length control field 00954cab a22002055a 4500
001 - CONTROL NUMBER
control field L147585
008 - FIXED-LENGTH DATA ELEMENTS--GENERAL INFORMATION
fixed length control field 090527s2009 xxkd f 000 0 eng d
035 ## - SYSTEM CONTROL NUMBER
System control number (Sirsi) u147585
041 0# - LANGUAGE CODE
Language code of text/sound track or separate title eng
100 1# - MAIN ENTRY--PERSONAL NAME
Personal name Price, Ifryn
245 03 - TITLE STATEMENT
Title An output approach to property portfolio performance measurement
260 ## - PUBLICATION, DISTRIBUTION, ETC.
Date of publication, distribution, etc. 2009
490 #0 - SERIES STATEMENT
Series statement Property Management
Volume/sequential designation 27(1) 2009, 6-15(10)
520 ## - SUMMARY, ETC.
Summary, etc. Demonstrates the analysis of office property portfolios using measures of business outputs such as occupation efficiency and staff satisfaction. The study provides quick and economical comparisons of the performance of individual buildings and of portfolios from the occupier's perspective. The same analyses reveal a waste of space in typically more than 20% of the compared buildings. Tables and figures. Notes. References.
590 ## - LOCAL NOTE (RLIN)
Local note KA
651 #4 - SUBJECT ADDED ENTRY--GEOGRAPHIC NAME
Geographic name United Kingdom
Chronological subdivision
690 ## - LOCAL SUBJECT ADDED ENTRY--TOPICAL TERM (OCLC, RLIN)
Topical term or geographic name as entry element Block management
9 (RLIN) 6220
700 1# - ADDED ENTRY--PERSONAL NAME
Personal name Clark, Elizabeth
942 ## - ADDED ENTRY ELEMENTS (KOHA)
Suppress in OPAC 0
Holdings
Withdrawn status Lost status Source of classification or shelving scheme Damaged status Not for loan Home library Current library Shelving location Date acquired Total Checkouts Full call number Barcode Date last seen Copy number Price effective from Koha item type
    Dewey Decimal Classification     London London Journal article 23/06/2009   L147585 147585-1001 06/08/2019 1 06/08/2019 Journal article